LEADER 00983nam0-22003371i-450- 001 990003869060403321 005 20080123151907.0 035 $a000386906 035 $aFED01000386906 035 $a(Aleph)000386906FED01 035 $a000386906 100 $a20030910d--------km-y0itay50------ba 101 0 $aita 102 $aIT 200 1 $a<>Establishment of Manufacturing in Nigeria$fAlan Sokolski. 210 $aNew York$cFrederick A. Praeger$d1965. 215 $axix, 373 p.$d24 cm 225 1 $aPraeger special studies in international economics and development 610 0 $aIndustria$aNigeria 610 0 $aNigeria$aSviluppo economico 676 $aF/1.112 676 $aF/3.2 676 $aH/2.2 700 1$aSokolski,$bAlan$0146742 801 0$aIT$bUNINA$gRICA$2UNIMARC 901 $aBK 912 $a990003869060403321 952 $aF/1.112 SOK$b181/I$fSES 959 $aSES 996 $aEstablishment of Manufacturing in Nigeria$9514170 997 $aUNINA LEADER 01077nas 2200289 450 001 000027649 005 20100316084335.0 011 $a1971-4815 100 $a20100316a----9999km-y0itay50------ba 101 0 $aita 102 $aIT 110 $aaiuz---0uu- 200 1 $aAM$eAntropologia museale$erivista quadrimestrale della Società italiana per la Museografia e i Beni Demoetnoantropologici 210 $aImola$cLa Mandragora 215 $av.$d30 cm. 300 $aDescrizione basata su: vol. 5, n.17 (2007) 517 1 $aAntropologia museale 676 $a069.05$v(21. ed.)$9Museologia. Pubblicazioni in seriei 712 02$aSocieta italiana per la museografia e i beni demoetnoantropologici 801 0$aIT$bUniversità della Basilicata - B.I.A.$gRICA$2unimarc 912 $a000027649 958 $aBIA PSU$c2007;$tA 996 $aAM$966267 997 $aUNIBAS CAT $aAGD$b30$c20100316$lBAS01$h0843 FMT Z30 -2$lBAS01$LBAS01$mISSUE$1BASA1$APolo Storico-Umanistico$2GEN$BCollezione generale$3PCE$5L109430$820100316$f98$FConsultazione$i20100316$j20100316